Polskie miasta zawierające literę Ź - Statystyki

Ogólne statystyki
  • Ten quiz został rozwiązany 22 razy
  • Średni wynik to 4 z 10
Statystyki odpowiedzi
Województwo Populacja Miasto % Poprawnych
Łódzkie 655 279 Łódź
100%
Opolskie 54 847 Kędzierzyn-Koźle
86%
Śląskie 29 981 Czeladź
62%
Wielkopolskie 6 130 Koźmin Wielkopolski
43%
Kujawsko-pomorskie 12 968 Wąbrzeźno
38%
Wielkopolskie 1 835 Koźminek
33%
Wielkopolskie 10 817 Rogoźno
24%
Śląskie 4 644 Kuźnia Raciborska
19%
Śląskie 4 120 Woźniki
19%
Mazowieckie 2 154 Staroźreby
10%
Nie znaleziono quizów pasujących do podanych kryteriów
Rozkład punktacji
Procent ludzi z każdym wynikiem
Percentyl według liczby udzielonych odpowiedzi
Twoja historia wyników
Nie rozwiązałeś tego quizu